1980s Albums (Extreme) - Statistics

General Stats
  • This quiz has been taken 680 times
    631 since last reset
  • The average score is 8 of 20
Answer Stats
Picture Answer % Correct
The Number of the Beast - Iron Maiden
69%
Stay Hungry - Twisted Sister
62%
Hunting High and Low - a-ha
58%
Freedom of Choice - DEVO
54%
Dr. Feelgood - Mötley Crüe
52%
Too Ray Ay - Dexys Midnight Runners
50%
Doolittle - Pixies
46%
Tango In The Night - Fleetwood Mac
46%
Whitesnake - Whitesnake
45%
Peace Sells... But Who's Buying? - Megadeth
42%
Business as Usual - Men at Work
41%
Dare - The Human League
41%
Document - R.E.M.
33%
Open Up and Say... Ahh! - Poison
31%
4 - Foreigner
26%
Paid in Full - Erik B. & Rakim
22%
Rain Dogs - Tom Waits
21%
Avalon - Roxy Music
20%
A Flock of Seagulls - A Flock of Seagulls
19%
Let It Be - The Replacements
17%
No matching quizzes found
Score Distribution
Percent of People with Each Score
Percentile by Number Answered
Your Score History
You have not taken this quiz since the last reset